Workshop practice (Record no. 4860)

MARC details
000 -LEADER
fixed length control field 00389nam a22001697a 4500
005 - DATE AND TIME OF LATEST TRANSACTION
control field 20160630104909.0
008 - FIXED-LENGTH DATA ELEMENTS--GENERAL INFORMATION
fixed length control field 160630b xxu||||| |||| 00| 0 eng d
020 ## - INTERNATIONAL STANDARD BOOK NUMBER
ISBN 978-93-80027-30-2
041 ## - LANGUAGE CODE
Language code of text/sound track or separate title eng
082 ## - DEWEY DECIMAL CLASSIFICATION NUMBER
Item number 13018
100 ## - MAIN ENTRY--AUTHOR NAME
Personal name Singh, Swarn
245 ## - TITLE STATEMENT
Title Workshop practice
260 ## - PUBLICATION, DISTRIBUTION, ETC. (IMPRINT)
Name of publisher Katson
Year of publication 2012
300 ## - PHYSICAL DESCRIPTION
Number of Pages 257
650 ## - SUBJECT ADDED ENTRY--TOPICAL TERM
Topical Term Diploma Engineering
942 ## - ADDED ENTRY ELEMENTS (KOHA)
Koha item type Books
Holdings
Lost status Damaged status Home library Current library Shelving location Date acquired Cost, normal purchase price Full call number Accession Number Koha item type Collection code
    JRU Library   SHELF-45-N 30/06/2016 95.00 13018 13018 Books  
    JRU Library   SHELF-45-M 30/06/2016 95.00 13018 13019 Books  
    JRU Library   SHELF-45-M 30/06/2016 95.00 13018 13020 Books  
    JRU Library   SHELF-45-M 30/06/2016 95.00 13018 13021 Books  
    JRU Library     30/06/2016 95.00 13018 13022 Books  
    JRU Library     30/06/2016 95.00 13018 13023 Books  
    JRU Library   SHELF-45-M 30/06/2016 95.00 13018 13024 Books  
    JRU Library   SHELF-45-M 30/06/2016 95.00 13018 13025 Books  
    JRU Library   SHELF-45-M 30/06/2016 95.00 13018 13026 Books  
    JRU Library   SHELF-45-M 30/06/2016 95.00 13018 13027 Books  
    JRU Library JRU Library SHELF-58-G 30/06/2016 95.00 13018 13028 Books MINING
    JRU Library JRU Library SHELF-58-G 30/06/2016 95.00 13018 13029 Books MINING
    JRU Library   SHELF-45-N 30/06/2016 95.00 13018 13030 Books  
    JRU Library   SHELF-45-M 30/06/2016 95.00 13018 13031 Books  
    JRU Library   SHELF-45-M 30/06/2016 95.00 13018 13032 Books  
    JRU Library   SHELF-45-M 30/06/2016 95.00 13018 13033 Books  
    JRU Library     30/06/2016 95.00 13018 13034 Books  
    JRU Library   SHELF-45-M 30/06/2016 95.00 13018 13035 Books  
    JRU Library     30/06/2016 95.00 13018 13036 Books  
    JRU Library   SHELF-45-M 30/06/2016 95.00 13018 13037 Books  
    JRU Library   SHELF-45-M 30/06/2016 95.00 13018 13038 Books  
    JRU Library   SHELF-45-M 30/06/2016 95.00 13018 13039 Books  
    JRU Library   SHELF-45-M 30/06/2016 95.00 13018 13040 Books  
    JRU Library   SHELF-45-M 30/06/2016 95.00 13018 13041 Books  
    JRU Library   SHELF-45-M 30/06/2016 95.00 13018 13042 Books  
    JRU Library     30/06/2016 95.00 13018 13043 Books  
    JRU Library   SHELF-45-M 30/06/2016 95.00 13018 13044 Books  
    JRU Library JRU Library SHELF-58-G 30/06/2016 95.00 13018 13045 Books MINING
    JRU Library     30/06/2016 95.00 13018 13046 Books  
    JRU Library   SHELF-45-M 30/06/2016 95.00 13018 13047 Books  
    JRU Library     30/06/2016 95.00 13018 13048 Books  
    JRU Library   SHELF-45-M 30/06/2016 95.00 13018 13049 Books  
    JRU Library   SHELF-45-M 30/06/2016 95.00 13018 13050 Books  
    JRU Library   SHELF-45-M 30/06/2016 95.00 13018 13051 Books  
    JRU Library   SHELF-45-N 30/06/2016 95.00 13018 13052 Books  
    JRU Library   SHELF-72-B 30/06/2016 95.00 13018 13053 Books Reference
    JRU Library   SHELF-45-M 30/06/2016 95.00 13018 13054 Books  
    JRU Library   SHELF-45-M 30/06/2016 95.00 13018 13055 Books